| 000 | 00534nam a2200217Ia 4500 | ||
|---|---|---|---|
| 003 | OSt | ||
| 005 | 20220926044625.0 | ||
| 006 | a|||||r|||| 00| 0 | ||
| 007 | ta | ||
| 008 | 220923b |||||||| |||| 00| 0 eng d | ||
| 037 | _cGeneral Book | ||
| 040 |
_aRTL _cRTL _beng |
||
| 041 |
_2eng _aeng |
||
| 082 | _aV1, E6 | ||
| 100 |
_aWells H G _915805 |
||
| 245 | 0 | _aEnglishman looks at the world | |
| 260 | _c1916 | ||
| 650 |
_aHistory-World _9238247 |
||
| 942 |
_hV1, E6 _cGB _2CC |
||
| 999 |
_c675347 _d675347 |
||